1990 1755 1788 1248 1499 1818 1685 1824 1823 1527 1361 1518 1177 1827 1926 1915 1574 1897 1273 1905 1123 1570 1554 1218 1168 1258 1366 1883 1637 1990 1680 1477 1573 1616 1519 1617 1242 1451 1580 1172 1416 1277 1207 1326 1870 1406 1219 1803 1257 1638 1940 1419 1442 1978 1541 1771 1581 1738 1209 1632 1380 1628 1921 1392 1850 1955 1286 1970 1244 1751 1097 1741 1571 1466 1544 1858 1135 1523 1916 1235 1946 1554 1563 1960 1471 1592 1232 1247 1813 1583 1812 1279 1927 1004 1718 1608 1428 1896 1685 BCNSPRNW ULIB Ver.6.0+V

เปลี่ยนเป็นภาษาไทย

Change to English
 แสดงรายละเอียดบรรณานุกรม
  กลับหน้าหลัก

Brief Record : Get Marc (ISO 2709) : E-mail record : QR code < ปิดหน้าต่าง
LEADER : 00000nam 2200000uu 4500
001    13399111761
003     ULIB
008    110707s2549||||th 000 0 tha d
020    9749497481
050  4 DS598^bช256ส 2549
100 0  ชลีรัตน์ งามชาลี
245 10 สะพายเป้ไป--พม่า /^cโดย ชลีรัตน์ งามชาลี ; บรรณาธิการ,วิชฎารมณ์ รองศรีแย้ม, ชัยนันท์ เฟื่องเกษม
246 30 สะพายเป้ไป ... พม่า
250    พิมพ์ครั้งที่ 1
260    กรุงเทพฯ :^bแบกเป้อ่าน,^c2549
300    240 หน้า :^bภาพประกอบ ;^c19 ซม.
651  7 พม่า^xภูมิประเทศและการท่องเที่ยว
651  7 พม่า^xความเป็นอยู่และประเพณี
700 0  ชัยนันท์ เฟื่องเกษม,^eบรรณาธิการ
700 0  วิชฎารมณ์ รองศรีแย้ม,^eบรรณาธิการ
945    ^p195^l0^i019618
995    ทศพร
999 ^a ใช้งานได้ทุกระบบ
รายการนี้ยังไม่มีแท็ก
คุณยังไม่ได้ล็อกอิน คุณสามารถมีกิจกรรมร่วมกับเว็บไซต์ได้ แต่ต้องล็อกอินก่อน ::
  ล็อกอิน

รายการสื่อสารสนเทศ

ลำดับที่ ประเภท เลขเรียก/บาร์โค้ด สถานที่ สถานะ
- ไม่พบข้อมูล -

BibComment


ยังไม่เคยถูกคอมเมนท์

คอมเมนท์ทรัพยากรรายการนี้
  คอมเมนท์: สะพายเป้ไปพม่า โ..


 Copyright 2026. Bcnsprnw @Library